Johannes Gutenberg : (Titelsatznr. 73349)
[ MARC ]
| 000 -Satzkennung | |
|---|---|
| Kontrollfeld mit fester Länge | 01947nam a22003613i 4500 |
| 001 - Kontrollnummer | |
| Kontrollfeld | EBC31986579 |
| 003 - Kontrollnummer Identifier | |
| Kontrollfeld | MiAaPQ |
| 005 - Datum und Zeit der letzten Transaktion | |
| Kontrollfeld | 20251205133730.0 |
| 007 - Feld mit fester Länge zur physischen Beschreibung - Allgemeine Information | |
| Kontrollfeld mit fester Länge | cr cnu|||||||| |
| 008 - Feld mit fester Länge zur physischen Beschreibung - Allgemeine Angaben | |
| Kontrollfeld mit fester Länge | 251205s2025 xx o ||||0 eng d |
| 020 ## - Internationale Standardbuchnummer | |
| Internationale Standardbuchnummer | 9781836390404 |
| Nähere Angaben | (electronic bk.) |
| 020 ## - Internationale Standardbuchnummer | |
| Gelöschte/ungültige ISBN | 9781836390398 |
| 040 ## - Katalogisierungsquelle | |
| Original-Katalogisierungsstelle | MiAaPQ |
| Katalogisierungssprache | eng |
| Übertragungsstelle | MiAaPQ |
| 100 1# - Haupteintragung - Personenname | |
| Personenname | White, Eric Marshall. |
| Koha-Normdatenidentnummer | 67883 |
| 245 10 - Titel | |
| Titel | Johannes Gutenberg : |
| Zusatz zum Titel | A Biography in Books. |
| 250 ## - Ausgabebezeichnung | |
| Ausgabebezeichnung | 1st ed. |
| 264 #1 - Produktion, Veröffentlichung, Distribution, Herstellung und Urheberrechtsvermerk | |
| Herstellungs-, Veröffentlichungs- Vertriebs-, Erzeugungsort | London EC1V 0HE : |
| Produzent, Herausgeber, Distributor, Hersteller | Reaktion Books, Limited, |
| Datum der Herstellung, der Veröffentlichung, des Vertriebs oder des Urheberschutzvermerks | 2025. |
| 264 #4 - Produktion, Veröffentlichung, Distribution, Herstellung und Urheberrechtsvermerk | |
| Datum der Herstellung, der Veröffentlichung, des Vertriebs oder des Urheberschutzvermerks | ©2025. |
| 300 ## - Physische Beschreibung | |
| Umfang | 1 online resource (224 pages) |
| 336 ## - Inhaltstyp | |
| Inhaltstypterm | Text |
| Inhaltstypcode | txt |
| Quelle | rdacontent |
| 337 ## - Medientyp | |
| Bezeichnung des Medientyps | Computermedien |
| Medientypcode | c |
| Quelle | rdamedia |
| 338 ## - Datenträgertyp | |
| Datenträgertypbezeichnung | Online Resource |
| Datenträgertypcode | cr |
| Quelle | rdacarrier |
| 490 1# - Gesamttitelangabe | |
| Gesamttitelangabe | Medieval Lives Series |
| 500 ## - Allgemeine Fußnote | |
| Allgemeine Fußnote | E-Book-ProQuest / Fernzugriff nach Registrierung möglich |
| 505 0# - Fußnote zu strukturierten Inhaltsangaben | |
| Fußnote zu strukturierten Inhaltsangaben | Cover -- Half-Title Page -- Title Page -- Copyright -- Contents -- Foreword -- 1. An Invention for Europe -- 2. A Man Called Gutenberg -- 3. In Golden Mainz -- 4. The Work of the Books -- 5. The Wonderful Concord -- 6. A Trojan Horse -- 7. Gutenberg's Rescue -- Chronology -- References -- Recommended Reading -- Acknowledgements -- Photo Acknowledgements -- Index. |
| 520 ## - Fußnote zu Zusammenfassungen usw. | |
| Fußnote zur Zusammenfassung usw. | Eric Marshall White is the Scheide Librarian and Assistant University Librarian for Special Collections, Rare Books and Manuscripts at Princeton University. His publications include Editio princeps: A History of the Gutenberg Bible (2017), which won the DeLong Prize for outstanding book in the field of book history. |
| 655 ## - Indexierungsterm - Genre/Form | |
| Genre/Form oder fokussierter Term | Fernzugriff |
| Koha-Normdatenidentnummer | 230 |
| 655 #4 - Indexierungsterm - Genre/Form | |
| Genre/Form oder fokussierter Term | |
| 776 08 - Andere physische Form | |
| Verweisungsphrase | Print version: |
| Haupteintragung | White, Eric Marshall |
| Titel | Johannes Gutenberg |
| Ort, Verlag und Erscheinungsjahr | London EC1V 0HE : Reaktion Books, Limited,c2025 |
| Internationale Standardbuchnummer | 9781836390398 |
| 830 #0 - Nebeneintragung unter dem Gesamttitel - Einheitstitel | |
| Einheitstitel | Medieval Lives Series |
| Koha-Normdatenidentnummer | 24896 |
| 856 40 - Elektronische Adresse und Zugriff | |
| URL | <a href="https://ebookcentral.proquest.com/lib/maxweberstiftung-ebooks/detail.action?docID=31986579">https://ebookcentral.proquest.com/lib/maxweberstiftung-ebooks/detail.action?docID=31986579</a> |
| OPAC-Notiz | Volltext |
| 942 ## - Zusätzliche Felder (Koha) | |
| Koha-Medientyp | E-Books |
| Ausgeschieden | Verloren | Klassifikation oder Aufstellungssystematik | Beschädigt | Nicht entleihbar | Heimatbibliothek | Aufenthaltsbibliothek | Aufstellungsort | Erwerbungsdatum | Inventarnummer | Signatur | Barcode | Letzte Aktivität | Preis gültig von | Koha-Medientyp |
|---|---|---|---|---|---|---|---|---|---|---|---|---|---|---|
| Andere/Generische Klassifikation | MWN Osteuropa | MWN Osteuropa | Online-Ressource | 05/12/2025 | 25-e01339 | E-25-e01339 | 76268 | 05/12/2025 | 05/12/2025 | E-Books |